Diseño e implementación de un controlador de temperatura Horno SYBRON/Thermolyne #FA1630

Guardat en:
Dades bibliogràfiques
Autor principal: Martín Ovares, Andrés
Format: Llibre
Publicat: San José, C.R. 1996
Matèries:
Etiquetes: Afegir etiqueta
Sense etiquetes, Sigues el primer a etiquetar aquest registre!

MARC

LEADER 00000nam a2200000Ia 4500
001 3548
003 008060
005 20221231144235.0
008 140114s1996 cr a m 000 ||s d
040 |c cru CEDI 
100 |a Martín Ovares, Andrés  |9 9713 
245 |a Diseño e implementación de un controlador de temperatura Horno SYBRON/Thermolyne #FA1630 
260 |c 1996  |a  San José, C.R.  
300 |a  xi, 63 hojas : ilustraciones (algunas a color)  
500 |a  Proyecto de graduación (bachiller en ingeniería eléctrica)--Universidad de Costa Rica. Facultad de Ingeniería. Escuela de Ingeniería Eléctrica 
650 |x ELECTRONICA DIGITAL   |x REGULADORES ELECTRICOS - DISEÑO Y CONSTRUCCION   |x CONTROL DE LA TEMPERATURA  |9 9714 
942 |c TFG 
999 |c 18933  |d 18933